000 01373nam a2200349 c 4500
999 _c66602
_d66602
003 BLK
005 20210205124209.0
008 180408b bul|||||r ||||||| ||bul||
010 _aKNG00070901000
020 _a954-535-367-8
040 _aBLK
041 _aBUL
_cBUL
080 _aБиологични науки
_b57
_x(075.8)
_z57(075.8)
100 1 _aКънчев, Любомир Найденов
_eпърви автор
_9293027
139 _aКънчев, Любомир Найденов
_bК 96
245 1 0 _aБиология
_cЛюбомир Найденов Кънчев.
257 _aBGR
260 _bНов бълг. унив.
_c2004
300 _a160 с.
_bс ил., сх., табл.
_c29 см
380 _a5
490 1 _aЕкология
500 _aИзд. на НБУ. Център за дистанционно обучение. - Съдържа и Тест по биология ; Отговор на въпросите за преговор. - Библиогр. с. 145
504 _a145
650 4 _aБиология - учебници за ВУЗ
_9246532
653 _aбиология
653 _aучебници за ВУЗ
852 _aЦб ІІ 14238
856 4 _qpdf
856 4 _qpdf
942 _cKNG
_n0
_s1
944 _aCR
_c30.01.2007
_kЦветанка_Енчева
944 _aED
_c02.02.2007
999 _d66602